000 00256nam a2200109Ia 4500
001 588697
005 20250717120836.0
008 250717s9999 xx 000 0 und d
245 0 _aY-4 MESİH
_cMETE YARAR
260 _bDESTEK YAYINLARI
_c2018
300 _b112
999 _c588697
_d588697